Score 0/28 Timer 11:00
0 Plays Today
% Correct
Girls' Generation ♡
91.9%
EXO ♡
90.5%
Shinee ♡
88.7%
iKON ♡
88.4%
Mamamoo ♡
85.1%
Monsta X, my ultimate group ♡
85%
Seventeen ♡
84.4%
NCT ♡
84.1%
VIXX ♡
83.2%
GOT7 ♡
82.3%
GFriend ♡
81.7%
Day6 ♡
81.7%
Highlight ♡
81.5%
Wanna One ♡
80.3%
% Correct
BtoB ♡
78.8%
Infinite, my ultimate group ♡
77.8%
B.A.P ♡
70.3%
Pentagon ♡
68%
Girl's Day ♡
65.9%
Lovelyz ♡
55.6%
SF9 ♡
50.6%
Golden Child ♡
47.6%
Cross Gene ♡
43.8%
B.I.G ♡
40.2%
Victon ♡
39.8%
Up10tion ♡
37.2%
A.C.E ♡
27.5%
Halo ♡
13.1%
Remove Ads.
Support Sporcle.
Get the best of Sporcle when you Go Orange. This ad-free experience offers more features, more stats, and more fun while also helping to support Sporcle. Thank you for becoming a member.

You're not logged in!

Compare scores with friends on all Sporcle quizzes.
OR
Log In

Show Comments

Extras

Created Sep 11, 2017ReportNominate
Tags:Kpop Quiz, Favorite, group, Kpop Quiz

Top Quizzes Today


Score Distribution

Your Account Isn't Verified!

In order to create a playlist on Sporcle, you need to verify the email address you used during registration. Go to your Sporcle Settings to finish the process.

Report this User

Report this user for behavior that violates our Community Guidelines.

Details: